[Event "III Open FIDE"]
[Site "Forli' ITA"]
[Date "1990.09.10"]
[Round "3"]
[White "Antonsen, Mikkel"]
[Black "Kaiser, Dieter"]
[WhiteElo "2355"]
[BlackElo "2290"]
[Result "1-0"]
[PlyCount "60"]
[EventDate "1990.09.08"]

1. d4 Nf6 2. c4 e6 3. Nf3 b6 4. g3 Bb7 5. Bg2 Bb4+ 6. Bd2 c5 7. Bxb4 cxb4 8.
O-O O-O 9. Qd3 d6 10. Nbd2 Qe7 11. Rfe1 a5 12. e4 e5 13. Rad1 Qc7 14. Nh4 Nc6
15. Nf5 Rad8 16. Qe3 Ne7 17. Nxe7+ Qxe7 18. dxe5 dxe5 19. Qxb6 Rd6 20. Qxa5 Ra6
21. Qb5 Rxa2 22. c5 Rxb2 23. Nc4 Rc2 24. Nd6 Bc8 25. Qxb4 Qa7 26. Qb6 Qa2 27.
Ra1 Qe6 28. Rec1 Nd7 29. Qc7 Rxc1+ 30. Rxc1 Ba6 1-0

[Event "III Open FIDE"]
[Site "Forli' ITA"]
[Date "1990.09.10"]
[Round "3"]
[White "Berg, Klaus"]
[Black "Werner, Dimo"]
[WhiteElo "2445"]
[BlackElo "2340"]
[Result "1/2-1/2"]
[PlyCount "54"]
[EventDate "1990.09.08"]

1. d4 Nf6 2. Nf3 g6 3. Bg5 Bg7 4. c3 O-O 5. Nbd2 b6 6. e4 d5 7. Bd3 Bb7 8. Qe2
h6 9. Bf4 dxe4 10. Nxe4 c5 11. dxc5 Nxe4 12. Bxe4 Bxe4 13. Qxe4 Nd7 14. O-O-O
Qc8 15. c6 Nc5 16. Qd5 Qg4 17. Bg3 Rac8 18. Ne5 Bxe5 19. Bxe5 Qe4 20. Qxe4 Nxe4
21. Bg3 Rxc6 22. Rd7 Re6 23. Rxa7 Nxg3 24. hxg3 Re2 25. Rf1 Rd8 26. Rb7 Rd6 27.
a4 Kg7 1/2-1/2

[Event "III Open FIDE"]
[Site "Forli' ITA"]
[Date "1990.09.10"]
[Round "3"]
[White "Bode, Ulf"]
[Black "Casadei, Mauro"]
[WhiteElo "2250"]
[BlackElo "2205"]
[Result "0-1"]
[PlyCount "46"]
[EventDate "1990.09.08"]

1. d4 Nf6 2. c4 g6 3. Nc3 d5 4. cxd5 Nxd5 5. g3 Bg7 6. Bg2 Nxc3 7. bxc3 O-O 8.
Rb1 c5 9. e3 Qa5 10. Qd2 Nc6 11. Ne2 Rd8 12. O-O Qc7 13. Ba3 b6 14. Qc2 Bb7 15.
dxc5 Ne5 16. Nd4 Bxg2 17. Kxg2 bxc5 18. Ne2 Qc6+ 19. f3 Nc4 20. Bc1 Bh6 21. Nf4
e5 22. Qe2 Qa6 23. Nd3 Rxd3 0-1

[Event "III Open FIDE"]
[Site "Forli' ITA"]
[Date "1990.09.10"]
[Round "3"]
[White "Cvitan, Ognjen"]
[Black "Arduman, Can"]
[WhiteElo "2515"]
[BlackElo "2375"]
[Result "1/2-1/2"]
[PlyCount "64"]
[EventDate "1990.09.08"]

1. Nf3 g6 2. c4 Bg7 3. d4 d6 4. Nc3 e5 5. e4 Nc6 6. dxe5 dxe5 7. Qxd8+ Kxd8 8.
Bg5+ f6 9. O-O-O+ Bd7 10. Be3 Bh6 11. Bxh6 Nxh6 12. c5 Kc8 13. Nd5 Rf8 14. Bb5
Ng8 15. h3 a5 16. Rd3 Nb8 17. a4 Bc6 18. Rhd1 Na6 19. Rc3 Rd8 20. g4 Nb4 21.
Nxb4 Rxd1+ 22. Kxd1 axb4 23. Rc4 Bxb5 24. axb5 Ra1+ 25. Ke2 Rh1 26. Rxb4 Rc1
27. Ra4 Kb8 28. b4 g5 29. h4 Rc2+ 30. Ke3 Rc3+ 31. Ke2 Rc2+ 32. Ke3 Rc3+
1/2-1/2

[Event "III Open FIDE"]
[Site "Forli' ITA"]
[Date "1990.09.10"]
[Round "3"]
[White "Fries-Nielsen, Jens Ove"]
[Black "Gutman, Lev"]
[WhiteElo "2395"]
[BlackElo "2450"]
[Result "1-0"]
[PlyCount "71"]
[EventDate "1990.09.08"]

1. Nf3 Nf6 2. g3 g6 3. Bg2 Bg7 4. O-O O-O 5. d4 d5 6. c3 c6 7. Nbd2 Na6 8. Re1
Bf5 9. Nh4 Be6 10. Ndf3 c5 11. dxc5 Nxc5 12. Be3 Rc8 13. Ne5 Nfd7 14. Nd3 Nxd3
15. exd3 Nc5 16. Bd4 Qd7 17. Bxg7 Kxg7 18. d4 Na4 19. Qd2 Rfe8 20. Re2 f6 21.
Rae1 g5 22. Nf3 Rc6 23. h4 h5 24. Re3 Nb6 25. b3 Nc8 26. Bf1 Nd6 27. Bd3 Qc7
28. Kg2 a5 29. a4 Ne4 30. Bxe4 dxe4 31. Rxe4 Bxb3 32. d5 Rd8 33. c4 e5 34. Qc3
Rb6 35. Rb1 Bxa4 36. Qxa5 1-0

[Event "III Open FIDE"]
[Site "Forli' ITA"]
[Date "1990.09.10"]
[Round "3"]
[White "Mauro, Alan"]
[Black "Schneider, Bernd"]
[WhiteElo "2225"]
[BlackElo "2280"]
[Result "0-1"]
[PlyCount "76"]
[EventDate "1990.09.08"]

1. e4 c5 2. Nf3 e6 3. d4 cxd4 4. Nxd4 a6 5. Bd3 Qc7 6. O-O Nf6 7. Qe2 d6 8. Kh1
Nc6 9. Nxc6 bxc6 10. c4 Be7 11. Nc3 O-O 12. f4 e5 13. fxe5 dxe5 14. Bg5 Bg4 15.
Qf2 Bh5 16. Qh4 Rfd8 17. Bc2 Bg6 18. Rf3 Rd7 19. Raf1 Nh5 20. Bxe7 Rxe7 21. Ne2
Rd7 22. R3f2 Rad8 23. Ng3 Nf4 24. Nf5 Bxf5 25. exf5 f6 26. g3 Nd3 27. Bxd3 Rxd3
28. Qe4 R8d4 29. Qe2 c5 30. b3 Qc6+ 31. Kg1 a5 32. Qb2 Qb6 33. Qa3 Rxc4 34. Rf3
Rxf3 35. Rxf3 Rd4 36. Rc3 c4 37. Kg2 Rd2+ 38. Kh3 Qf2 0-1

[Event "III Open FIDE"]
[Site "Forli' ITA"]
[Date "1990.09.10"]
[Round "3"]
[White "Meduna, Eduard"]
[Black "Marinelli, Tullio"]
[WhiteElo "2500"]
[BlackElo "2355"]
[Result "1-0"]
[PlyCount "69"]
[EventDate "1990.09.08"]

1. d4 Nf6 2. Nf3 e6 3. c4 b6 4. Bf4 Bb7 5. e3 Bb4+ 6. Nfd2 O-O 7. a3 Be7 8. Nc3
c5 9. d5 exd5 10. Qf3 b5 11. Nxd5 Kh8 12. e4 Nc6 13. Bd3 Nd4 14. Qh3 Nxd5 15.
exd5 f5 16. O-O Bg5 17. Bxg5 Qxg5 18. Nf3 Nxf3+ 19. Qxf3 bxc4 20. Bxc4 Rae8 21.
Rfe1 h6 22. h3 Qf6 23. Qc3 Qh4 24. Bb5 Rxe1+ 25. Rxe1 d6 26. Re6 Rf6 27. Re8+
Kh7 28. Bc6 Ba6 29. Bd7 Qh5 30. Qc2 Qf7 31. Qa4 Bd3 32. Be6 Qb7 33. Bg8+ Kh8
34. Bf7+ Kh7 35. Rh8+ 1-0

[Event "III Open FIDE"]
[Site "Forli' ITA"]
[Date "1990.09.10"]
[Round "3"]
[White "Oesterle, Peter"]
[Black "Malaniuk, Vladimir P."]
[WhiteElo "2260"]
[BlackElo "2480"]
[Result "1-0"]
[PlyCount "69"]
[EventDate "1990.09.08"]

1. e4 e5 2. Nf3 Nc6 3. Nc3 g6 4. d4 exd4 5. Nxd4 Bg7 6. Be3 d6 7. Qd2 Nf6 8.
O-O-O O-O 9. f3 Nxd4 10. Bxd4 Be6 11. g4 c5 12. Be3 Qa5 13. Bh6 Bxh6 14. Qxh6
b5 15. Bxb5 Rab8 16. a4 a6 17. Rxd6 axb5 18. e5 Nxg4 19. fxg4 Qb4 20. a5 Qxg4
21. Re1 Qf5 22. Qh4 h5 23. Ne4 b4 24. Rd2 Kh8 25. Nxc5 Rb5 26. Rf2 Rxc5 27.
Rxf5 Bxf5 28. Re2 b3 29. Qb4 Rfc8 30. Qxb3 Rxa5 31. Qxf7 Ra1+ 32. Kd2 Rxc2+ 33.
Ke3 Rxe2+ 34. Kxe2 Rh1 35. e6 1-0

[Event "III Open FIDE"]
[Site "Forli' ITA"]
[Date "1990.09.10"]
[Round "3"]
[White "Pieri, Filippo"]
[Black "Lagrotteria, Salvatore"]
[WhiteElo "2305"]
[BlackElo "2240"]
[Result "1/2-1/2"]
[PlyCount "108"]
[EventDate "1990.09.08"]

1. e4 e5 2. Nf3 Nf6 3. Nxe5 d6 4. Nf3 Nxe4 5. d4 d5 6. Bd3 Be7 7. O-O Nc6 8. c4
Nb4 9. cxd5 Nxd3 10. Qxd3 Qxd5 11. Re1 Bf5 12. Ne5 f6 13. Qf3 g6 14. Nc3 Nxc3
15. bxc3 Qxf3 16. Nxf3 Kf7 17. Bf4 c6 18. Nd2 b5 19. Ne4 Rad8 20. Nc5 Bd6 21.
Bxd6 Rxd6 22. a3 Rb8 23. Re3 Rdd8 24. Na6 Rbc8 25. Rae1 Re8 26. Nc5 Rxe3 27.
Rxe3 Re8 28. Kf1 Rxe3 29. fxe3 g5 30. e4 Bc8 31. Kf2 Ke7 32. Ke3 Kd6 33. Nd3
Ke7 34. Nc5 Kd6 35. Nd3 Ke7 36. g3 Bh3 37. Nc5 Bc8 38. h4 h6 39. e5 fxe5 40.
dxe5 gxh4 41. gxh4 Bh3 42. Kf4 Be6 43. Ke4 Bg4 44. Nd3 a5 45. Nf4 Bd1 46. Kd4
Bf3 47. Kc5 a4 48. Kb6 Kd7 49. Kc5 Ke7 50. c4 bxc4 51. Kxc4 Kd7 52. Kd4 Bg4 53.
Nd3 Bd1 54. Nc5+ Ke7 1/2-1/2

[Event "III Open FIDE"]
[Site "Forli' ITA"]
[Date "1990.09.10"]
[Round "3"]
[White "Pozzi, Enrico"]
[Black "Grassi, Mario"]
[WhiteElo "2255"]
[BlackElo "2210"]
[Result "1-0"]
[PlyCount "63"]
[EventDate "1990.09.08"]

1. e4 e6 2. d4 d5 3. exd5 exd5 4. c4 Nf6 5. Nc3 Nc6 6. Nf3 Bg4 7. Be2 Be7 8.
cxd5 Nxd5 9. O-O O-O 10. h3 Be6 11. a3 Nxc3 12. bxc3 Bf6 13. Be3 a6 14. a4 Na5
15. Nd2 Qd7 16. Bd3 Bf5 17. Qc2 Bxd3 18. Qxd3 Rad8 19. Rfd1 Rfe8 20. Ne4 Be7
21. c4 f5 22. Ng3 g6 23. Qc3 b6 24. Ne2 Qc6 25. Rdc1 Bf6 26. Nf4 Bg7 27. Nd5
Re4 28. Qd3 Nxc4 29. Qxe4 Rxd5 30. Rxc4 Qxc4 31. Qe8+ Bf8 32. Bh6 1-0

[Event "III Open FIDE"]
[Site "Forli' ITA"]
[Date "1990.09.10"]
[Round "3"]
[White "Rossi, Carlo"]
[Black "Polaczek, Richard"]
[WhiteElo "2280"]
[BlackElo "2420"]
[Result "1-0"]
[PlyCount "94"]
[EventDate "1990.09.08"]

1. e4 Nf6 2. d3 c5 3. Nf3 Nc6 4. g3 g6 5. Bg2 Bg7 6. O-O d5 7. Nbd2 O-O 8. Re1
b6 9. exd5 Nxd5 10. Nc4 Bb7 11. a4 Qc7 12. c3 Rad8 13. Qb3 Kh8 14. a5 e5 15.
axb6 axb6 16. Nfd2 Nce7 17. Ra7 Nc6 18. Ra1 Nce7 19. Ne4 Bc6 20. Ra6 Nc8 21.
Nxc5 bxc5 22. Na5 Nb4 23. cxb4 Bxg2 24. Kxg2 cxb4 25. Bd2 f5 26. Bxb4 Rfe8 27.
Re6 Qd7 28. Rxe8+ Rxe8 29. Qc4 Na7 30. Bc5 Nb5 31. b4 h5 32. h4 Rd8 33. Re3 Rc8
34. f4 Nc7 35. fxe5 Ne6 36. d4 f4 37. Rf3 g5 38. d5 g4 39. Rf2 f3+ 40. Kh2 Nxc5
41. bxc5 Bxe5 42. Nc6 Bg7 43. Qe4 Ra8 44. Ne5 Qe8 45. Ng6+ Kg8 46. Ne7+ Kf8 47.
d6 Rd8 1-0

[Event "III Open FIDE"]
[Site "Forli' ITA"]
[Date "1990.09.10"]
[Round "3"]
[White "Sakhatova, Gulnar"]
[Black "Bretsnajdr, Vladimir"]
[WhiteElo "2315"]
[BlackElo "2315"]
[Result "0-1"]
[PlyCount "94"]
[EventDate "1990.09.08"]

1. d4 f5 2. e4 fxe4 3. Nc3 Nf6 4. Bg5 Nc6 5. d5 Ne5 6. Qd4 Nf7 7. Bh4 Nd6 8.
Qd2 g6 9. O-O-O Bg7 10. h3 c6 11. g4 Qa5 12. Bg3 Nxd5 13. Nxd5 Qxa2 14. Nc7+
Kd8 15. c3 Kxc7 16. Bxd6+ exd6 17. Qxd6+ Kd8 18. Ne2 Re8 19. Bg2 Qe6 20. Qb4
Qe7 21. Qa5+ b6 22. Qa4 Kc7 23. Rhe1 Qg5+ 24. Kb1 Qb5 25. Qxb5 cxb5 26. Nf4 Bb7
27. Nd5+ Bxd5 28. Rxd5 a6 29. Rxe4 Rxe4 30. Bxe4 Re8 31. f3 d6 32. Kc2 Kd7 33.
Rd1 Re5 34. Rd5 Ke6 35. Rxe5+ Kxe5 36. Bb7 a5 37. Bc6 Kf4 38. Kd3 b4 39. cxb4
Bxb2 40. bxa5 bxa5 41. Kc2 Bf6 42. Kd3 Kg3 43. Ke4 Kxh3 44. Ba4 Kg3 45. Bb3 h5
46. gxh5 gxh5 47. Kd5 Be5 0-1

[Event "III Open FIDE"]
[Site "Forli' ITA"]
[Date "1990.09.10"]
[Round "3"]
[White "Soylu, Suat"]
[Black "Tagnon, Nicole"]
[WhiteElo "2320"]
[BlackElo "2130"]
[Result "1-0"]
[PlyCount "49"]
[EventDate "1990.09.08"]

1. d4 Nf6 2. Nf3 c5 3. d5 b5 4. Bg5 Qb6 5. Nc3 b4 6. Na4 Qa5 7. Bxf6 gxf6 8. b3
d6 9. e4 Bg7 10. Bd3 f5 11. exf5 Bxa1 12. Qxa1 f6 13. O-O Bb7 14. Re1 Nd7 15.
Bc4 Rg8 16. Qc1 Ne5 17. Nxe5 dxe5 18. Qh6 O-O-O 19. Qxh7 Rg4 20. Be2 Re4 21.
Qxe7 Rxd5 22. f3 Red4 23. Qxf6 Qc7 24. Bd3 a6 25. Nb6+ 1-0

[Event "III Open FIDE"]
[Site "Forli' ITA"]
[Date "1990.09.10"]
[Round "3"]
[White "Vezzosi, Paolo"]
[Black "Magalotti, Andrea"]
[WhiteElo "2325"]
[BlackElo "2250"]
[Result "1-0"]
[PlyCount "45"]
[EventDate "1990.09.08"]

1. c4 Nf6 2. Nc3 c5 3. g3 Nc6 4. Bg2 g6 5. Nf3 Bg7 6. O-O O-O 7. d4 cxd4 8.
Nxd4 Nxd4 9. Qxd4 d6 10. Qd3 a6 11. Bd2 Rb8 12. Rac1 Bd7 13. Rc2 Bc6 14. Bxc6
bxc6 15. c5 Nd5 16. Nxd5 cxd5 17. c6 Rxb2 18. Rxb2 Bxb2 19. Rb1 Bf6 20. Qxa6
Qc8 21. Qxc8 Rxc8 22. Bh6 Bg7 23. c7 1-0

[Event "III Open FIDE"]
[Site "Forli' ITA"]
[Date "1990.09.11"]
[Round "4"]
[White "Arduman, Can"]
[Black "Joksic, Sinisa"]
[WhiteElo "2375"]
[BlackElo "2320"]
[Result "1/2-1/2"]
[PlyCount "84"]
[EventDate "1990.09.08"]

1. d4 g6 2. Nf3 f5 3. c4 d6 4. Nc3 Nf6 5. e3 Bg7 6. Be2 O-O 7. b4 e5 8. dxe5
dxe5 9. Qb3 Nh5 10. c5+ Kh8 11. Bb2 c6 12. O-O Qe7 13. Rad1 Nd7 14. Rd6 e4 15.
Nd4 Ne5 16. Bxh5 gxh5 17. Ne6 Bxe6 18. Rxe6 Qg5 19. Rxe5 Bxe5 20. Ne2 Bxb2 21.
Qxb2+ Qf6 22. Qb3 h4 23. Nf4 a6 24. h3 Rad8 25. a4 Rd2 26. Rb1 Rfd8 27. b5 axb5
28. axb5 cxb5 29. Qxb5 R8d7 30. Qb3 Qe5 31. Qa4 Kg7 32. Qa8 Rd1+ 33. Rxd1 Rxd1+
34. Kh2 Rb1 35. Qd8 Rb2 36. Qg5+ Kf8 37. Qd8+ Kg7 38. Qg5+ Kf7 39. Qxh4 Kg7 40.
Qg5+ Kf8 41. Qd8+ Kg7 42. Qg5+ Kf8 1/2-1/2

[Event "III Open FIDE"]
[Site "Forli' ITA"]
[Date "1990.09.11"]
[Round "4"]
[White "Barbero, Gerardo F."]
[Black "Rossi, Carlo"]
[WhiteElo "2475"]
[BlackElo "2280"]
[Result "1-0"]
[PlyCount "77"]
[EventDate "1990.09.08"]

1. d4 Nc6 2. c4 e5 3. d5 Nce7 4. e4 Ng6 5. Be3 Nf6 6. f3 Bb4+ 7. Nd2 Qe7 8. g3
a5 9. Ne2 O-O 10. Nc1 Bc5 11. Bxc5 Qxc5 12. Nd3 Qa7 13. Qe2 c6 14. Qf2 Qb8 15.
Be2 b5 16. dxc6 bxc4 17. Nxc4 d5 18. exd5 Nxd5 19. O-O Be6 20. Qc5 Qc7 21. Rfc1
h5 22. Nf2 h4 23. Ne4 Rfd8 24. Na3 hxg3 25. hxg3 f5 26. Nb5 Qf7 27. Ng5 Qf6 28.
Nxe6 Qxe6 29. c7 Ngf4 30. cxd8=Q+ Rxd8 31. gxf4 Qg6+ 32. Kf1 Nxf4 33. Bc4+ Kh8
34. Rd1 Qg2+ 35. Ke1 Qh1+ 36. Bf1 Rb8 37. Qxe5 Qh4+ 38. Kd2 Rc8 39. Nc3 1-0

[Event "III Open FIDE"]
[Site "Forli' ITA"]
[Date "1990.09.11"]
[Round "4"]
[White "Bode, Ulf"]
[Black "Tagnon, Nicole"]
[WhiteElo "2250"]
[BlackElo "2130"]
[Result "1-0"]
[PlyCount "67"]
[EventDate "1990.09.08"]

1. d4 Nf6 2. c4 e5 3. dxe5 Ng4 4. a3 Nc6 5. e3 Ngxe5 6. Be2 a5 7. Nc3 Bc5 8. h4
d6 9. b3 O-O 10. Bb2 Be6 11. Nf3 Qf6 12. Qd2 Qg6 13. O-O-O Ng4 14. Bd3 Qh6 15.
Ng5 Nce5 16. Bxh7+ Kh8 17. Nce4 Ba7 18. Rde1 a4 19. f4 Nc6 20. Qc3 axb3 21. f5
Bd7 22. f6 Nce5 23. c5 Nxf6 24. cxd6 cxd6 25. Nxd6 Rac8 26. Nxc8 Rxc8 27. Qxc8+
Bxc8 28. Bxe5 Be6 29. Rd1 Bxe3+ 30. Kb2 Bb6 31. Rd6 Qh5 32. Bd3 Nd5 33. Rc1 f6
34. Rxe6 1-0

[Event "III Open FIDE"]
[Site "Forli' ITA"]
[Date "1990.09.11"]
[Round "4"]
[White "Bretsnajdr, Vladimir"]
[Black "Antonsen, Mikkel"]
[WhiteElo "2315"]
[BlackElo "2355"]
[Result "1-0"]
[PlyCount "53"]
[EventDate "1990.09.08"]

1. d4 Nf6 2. c4 g6 3. Nf3 Bg7 4. g3 O-O 5. Bg2 d6 6. O-O c6 7. Nc3 Qa5 8. e4 e5
9. h3 exd4 10. Nxd4 Nbd7 11. Re1 Ne5 12. Bf1 Re8 13. Nb3 Qc7 14. Be3 Be6 15.
Nd2 Rad8 16. Rc1 Qd7 17. f4 Bxh3 18. fxe5 Rxe5 19. Qf3 Rh5 20. Bxh3 Rxh3 21.
Kg2 Nh5 22. Bf2 Bh6 23. Rcd1 Nf4+ 24. Kg1 g5 25. e5 Qf5 26. Nde4 g4 27. Qxg4+
1-0

[Event "III Open FIDE"]
[Site "Forli' ITA"]
[Date "1990.09.11"]
[Round "4"]
[White "Cvitan, Ognjen"]
[Black "Fries-Nielsen, Jens Ove"]
[WhiteElo "2515"]
[BlackElo "2395"]
[Result "1/2-1/2"]
[PlyCount "80"]
[EventDate "1990.09.08"]

1. d4 Nf6 2. Nf3 e6 3. c4 b6 4. g3 Bb7 5. Bg2 Bb4+ 6. Bd2 c5 7. Bxb4 cxb4 8.
Nbd2 O-O 9. Nf1 b5 10. Ne3 bxc4 11. Nxc4 Bd5 12. Rc1 Nc6 13. O-O Bxf3 14. Bxf3
d5 15. e3 Rc8 16. Nd2 Qa5 17. Ra1 Nd7 18. Nb3 Qb6 19. Be2 Na5 20. Nxa5 Qxa5 21.
a3 Nf6 22. Qd2 Rb8 23. Bd3 g6 24. Rfc1 Qb6 25. a4 Rfc8 26. Qe2 Qd6 27. Qd2 h5
28. a5 h4 29. Rxc8+ Rxc8 30. Rc1 Rxc1+ 31. Qxc1 Kg7 32. Kg2 hxg3 33. hxg3 e5
34. Qc8 exd4 35. exd4 Ne4 36. Bxe4 dxe4 37. Qc4 Qf6 38. Kg1 Qf3 39. Qc5 Qd1+
40. Kh2 Qe2 1/2-1/2

[Event "III Open FIDE"]
[Site "Forli' ITA"]
[Date "1990.09.11"]
[Round "4"]
[White "Gutman, Lev"]
[Black "Guerra, Ugo"]
[WhiteElo "2450"]
[BlackElo "2340"]
[Result "1/2-1/2"]
[PlyCount "114"]
[EventDate "1990.09.08"]

1. Nf3 Nf6 2. g3 d5 3. Bg2 c6 4. O-O Bf5 5. d3 e6 6. Nbd2 Nbd7 7. Qe1 Be7 8. e4
dxe4 9. dxe4 Bg6 10. Nh4 Ng4 11. h3 Bxh4 12. gxh4 Ngf6 13. Nc4 O-O 14. b3 e5
15. Ba3 c5 16. Rd1 Qc7 17. Bc1 Rfe8 18. Bf3 Nh5 19. Bxh5 Bxh5 20. Rd3 Nf8 21.
Ne3 Ne6 22. Nd5 Qc6 23. c3 Nf4 24. Bxf4 exf4 25. f3 c4 26. bxc4 Qxc4 27. Nxf4
Rad8 28. Rxd8 Rxd8 29. Qe3 Qb5 30. Qxa7 f6 31. Nd5 Bf7 32. Qd4 Bxd5 33. Rd1 Qe2
34. exd5 Qxf3 35. Rd3 Qe2 36. Re3 Qxa2 37. d6 Qb1+ 38. Kf2 Qf5+ 39. Kg3 Qg6+
40. Kf4 Qh6+ 41. Kf3 Qh5+ 42. Kg2 Qg6+ 43. Rg3 Qc2+ 44. Kh1 Qb1+ 45. Kh2 Qc2+
46. Rg2 Qf5 47. Re2 b5 48. Qb6 Qf4+ 49. Kg2 Rf8 50. d7 Qc4 51. Re7 Qd5+ 52. Kg3
Qd3+ 53. Kf2 Qd2+ 54. Kf3 Qd3+ 55. Kg2 Qd5+ 56. Kf2 Qd2+ 57. Kf3 Qd1+ 1/2-1/2

[Event "III Open FIDE"]
[Site "Forli' ITA"]
[Date "1990.09.11"]
[Round "4"]
[White "Kaiser, Dieter"]
[Black "Magalotti, Andrea"]
[WhiteElo "2290"]
[BlackElo "2250"]
[Result "1-0"]
[PlyCount "65"]
[EventDate "1990.09.08"]

1. d4 d5 2. c4 e6 3. Nf3 f5 4. Bf4 Nf6 5. e3 c6 6. Be2 Bd6 7. O-O O-O 8. Nc3 b6
9. Qc2 Qe7 10. Bxd6 Qxd6 11. Ne5 Nbd7 12. cxd5 exd5 13. Qxf5 Ne4 14. Nxe4 Qh6
15. Qg5 Nxe5 16. Qxh6 gxh6 17. Nd6 Nf7 18. Nxc8 Raxc8 19. Rac1 c5 20. Bg4 Rc6
21. Bf3 Rd8 22. dxc5 Ne5 23. Be2 bxc5 24. f4 Nd7 25. Bf3 Nf6 26. Rfd1 Rdd6 27.
Rc2 Kf7 28. Rcd2 Ke6 29. g4 Rc7 30. e4 Rdd7 31. e5 Ne4 32. Bxe4 dxe4 33. f5+
1-0

[Event "III Open FIDE"]
[Site "Forli' ITA"]
[Date "1990.09.11"]
[Round "4"]
[White "Lagrotteria, Salvatore"]
[Black "Sakhatova, Gulnar"]
[WhiteElo "2240"]
[BlackElo "2315"]
[Result "0-1"]
[PlyCount "80"]
[EventDate "1990.09.08"]

1. Nf3 Nf6 2. g3 c5 3. Bg2 Nc6 4. O-O e5 5. d3 d5 6. Nbd2 Be7 7. e4 O-O 8. c3
Qc7 9. Re1 d4 10. c4 a6 11. h3 b5 12. Rf1 Ne8 13. a3 Nd6 14. b3 a5 15. cxb5
Nxb5 16. Nc4 a4 17. bxa4 Nc3 18. Qc2 Be6 19. Ne1 Rxa4 20. Bb2 Bxc4 21. dxc4
Rxc4 22. Qd3 Ra4 23. Bxc3 dxc3 24. Qxc3 Nd4 25. Ra2 c4 26. Kh2 Rb8 27. Nc2 Rb3
28. Qd2 Rd3 29. Qc1 Ne2 30. Qb2 Rb3 31. Qa1 Bc5 32. Rb2 g6 33. Re1 Bd4 34. Nxd4
Nxd4 35. Ra2 c3 36. Rc1 c2 37. Bf1 Qc5 38. Kg2 Rbxa3 39. Rxa3 Qxa3 40. Qxa3
Rxa3 0-1

[Event "III Open FIDE"]
[Site "Forli' ITA"]
[Date "1990.09.11"]
[Round "4"]
[White "Malaniuk, Vladimir P."]
[Black "Vezzosi, Paolo"]
[WhiteElo "2480"]
[BlackElo "2325"]
[Result "1/2-1/2"]
[PlyCount "81"]
[EventDate "1990.09.08"]

1. d4 Nf6 2. c4 e6 3. Nc3 Bb4 4. f3 c5 5. d5 d6 6. e4 Nh5 7. Nge2 f5 8. exf5
exf5 9. g3 O-O 10. Bg2 Bxc3+ 11. Nxc3 Re8+ 12. Kf2 Nd7 13. f4 Nhf6 14. Re1 Rxe1
15. Qxe1 Nf8 16. Bd2 Bd7 17. Qe2 Qb6 18. b3 Re8 19. Qd3 Qd8 20. Bf3 Qe7 21. Kg2
Qf7 22. a3 Qg6 23. Re1 Rxe1 24. Bxe1 Qe8 25. Bd2 Qe7 26. h3 Ng6 27. Kf2 Qd8 28.
Kg2 h5 29. h4 Nf8 30. Ne2 Qe8 31. b4 b6 32. bxc5 bxc5 33. Qb3 Ba4 34. Qb1 Ne4
35. Be1 Nd7 36. Nc3 Ndf6 37. Qd3 Bd7 38. Kf1 Qg6 39. Kg2 Qe8 40. Kf1 Qg6 41.
Kg2 1/2-1/2

[Event "III Open FIDE"]
[Site "Forli' ITA"]
[Date "1990.09.11"]
[Round "4"]
[White "Marinelli, Tullio"]
[Black "Drei, Andrea"]
[WhiteElo "2355"]
[BlackElo "2265"]
[Result "1-0"]
[PlyCount "51"]
[EventDate "1990.09.08"]

1. d4 Nf6 2. c4 g6 3. Nc3 Bg7 4. e4 O-O 5. f3 d6 6. Be3 e5 7. Nge2 Nc6 8. d5
Ne7 9. Qd2 Ne8 10. g4 f5 11. exf5 gxf5 12. h3 c5 13. O-O-O a6 14. Bg5 b5 15.
Ng3 b4 16. Nce2 Nf6 17. Kb1 Qe8 18. Nc1 f4 19. Bxf6 Bxf6 20. Ne4 Qd7 21. h4 a5
22. Nd3 Ba6 23. Ndf2 Bg7 24. Bd3 a4 25. Qe2 Qc7 26. Ng5 1-0

[Event "III Open FIDE"]
[Site "Forli' ITA"]
[Date "1990.09.11"]
[Round "4"]
[White "Schneider, Bernd"]
[Black "Casadei, Mauro"]
[WhiteElo "2280"]
[BlackElo "2205"]
[Result "1/2-1/2"]
[PlyCount "102"]
[EventDate "1990.09.08"]

1. e4 e6 2. d4 d5 3. e5 c5 4. c3 Nc6 5. Nf3 Qb6 6. a3 c4 7. Qc2 Na5 8. Nbd2 f6
9. Be2 fxe5 10. Nxe5 Nf6 11. O-O Bd6 12. Rb1 Qc7 13. f4 O-O 14. Ndf3 Ne4 15.
Be3 b5 16. Bd1 Bd7 17. Qe2 Be8 18. Bc2 Nf6 19. Ng5 Qe7 20. g4 Nc6 21. Qg2 Rd8
22. Rbe1 h6 23. Ngf3 Bxe5 24. fxe5 Ne4 25. Qh3 Bg6 26. Nh4 Bh7 27. Ng2 Ng5 28.
Bxg5 Qxg5 29. Bxh7+ Kxh7 30. Ne3 Ne7 31. Qg3 Ng6 32. Ng2 Rxf1+ 33. Rxf1 Rf8 34.
Rxf8 Nxf8 35. Qf4 Qxf4 36. Nxf4 g5 37. Nh5 Nd7 38. Kf2 Kg6 39. Ke2 Kf7 40. Kd2
Kg6 41. Kc2 Kf7 42. Kb1 Nb6 43. Nf6 a5 44. Kc2 a4 45. Kd2 Na8 46. Ke3 Nc7 47.
Nh5 Ne8 48. Kf2 Kg6 49. Ng3 Ng7 50. Ne2 h5 51. h3 h4 1/2-1/2

[Event "III Open FIDE"]
[Site "Forli' ITA"]
[Date "1990.09.11"]
[Round "4"]
[White "Stelzer, Harald"]
[Black "Pieri, Filippo"]
[WhiteElo "2240"]
[BlackElo "2305"]
[Result "1/2-1/2"]
[PlyCount "144"]
[EventDate "1990.09.08"]

1. d4 Nf6 2. c4 c5 3. d5 e6 4. Nc3 exd5 5. cxd5 d6 6. e4 g6 7. f4 Bg7 8. Bb5+
Nfd7 9. a4 O-O 10. Nf3 Na6 11. O-O Nb4 12. Be3 a6 13. Bc4 Re8 14. e5 Nb6 15.
Bb3 Bf5 16. a5 Nd7 17. Ba4 Rc8 18. Qd2 dxe5 19. fxe5 Rxe5 20. Nxe5 Nxe5 21. Bg5
Nc4 22. Qf4 Bd4+ 23. Qxd4 cxd4 24. Bxd8 Rxd8 25. Rf4 dxc3 26. bxc3 Nxd5 27.
Rxc4 Ne3 28. Rd4 Rc8 29. c4 Rxc4 30. Rxc4 Nxc4 31. Bb3 Be6 32. Bxc4 Bxc4 33.
Kf2 Bd5 34. g3 Kf8 35. Rd1 Bc6 36. Ke3 Ke7 37. Kd4 f5 38. Ke5 Kf7 39. h4 h6 40.
h5 gxh5 41. Kxf5 Ke7 42. Ke5 Kf7 43. Rd6 Kg7 44. Kd4 Bf3 45. Kc5 Kf7 46. Kb6
Ke7 47. Kc7 Kf7 48. Rxh6 Ke7 49. Kb6 Kf7 50. Kc7 Ke7 51. Rb6 Bc6 52. Rb4 Ke6
53. Kb6 Kf5 54. Kc7 Ke6 55. Rf4 Bd5 56. Rf8 Bc6 57. Kb6 Bg2 58. Re8+ Kf5 59.
Re7 Kg4 60. Rg7+ Kh3 61. Kc5 Bf3 62. Kd4 Bg4 63. Rxb7 Kxg3 64. Ke3 h4 65. Rb8
Kg2 66. Kf4 Be2 67. Rb2 Kf2 68. Rb3 Bf1 69. Kg4 h3 70. Rb2+ Ke3 71. Kg3 Kd4 72.
Rf2 Bg2 1/2-1/2

[Event "III Open FIDE"]
[Site "Forli' ITA"]
[Date "1990.09.11"]
[Round "4"]
[White "Tatai, Stefano"]
[Black "Soylu, Suat"]
[WhiteElo "2415"]
[BlackElo "2320"]
[Result "1-0"]
[PlyCount "65"]
[EventDate "1990.09.08"]

1. e4 c5 2. Nf3 d6 3. d4 cxd4 4. Nxd4 Nf6 5. Nc3 a6 6. Bg5 e6 7. f4 b5 8. e5
dxe5 9. fxe5 Qc7 10. Qe2 Nfd7 11. O-O-O Bb7 12. Qg4 Qxe5 13. Bd3 h6 14. Bh4 g5
15. Bg3 Qe3+ 16. Rd2 h5 17. Qd1 b4 18. Ncb5 axb5 19. Bxb5 b3 20. Kb1 bxc2+ 21.
Rxc2 Bd5 22. Rc8+ Ke7 23. Re1 Bxa2+ 24. Kc2 Bg7 25. Bd6+ Kf6 26. Rxe3 Rxc8+ 27.
Rc3 Rxc3+ 28. bxc3 Bd5 29. Qf1+ Kg6 30. Bd3+ f5 31. Nxf5 Be5 32. Ng3+ Kg7 33.
Nxh5+ 1-0

[Event "III Open FIDE"]
[Site "Forli' ITA"]
[Date "1990.09.11"]
[Round "4"]
[White "Votruba, Pavel"]
[Black "Hug, Marcel"]
[WhiteElo "2315"]
[BlackElo "2265"]
[Result "1-0"]
[PlyCount "68"]
[EventDate "1990.09.08"]

1. Nf3 Nf6 2. c4 g6 3. Nc3 Bg7 4. e4 d6 5. d4 O-O 6. h3 c5 7. d5 Na6 8. Bd3 Nc7
9. O-O e6 10. Re1 Re8 11. a4 a6 12. a5 Rb8 13. Bg5 h6 14. Be3 exd5 15. exd5 b5
16. axb6 Rxb6 17. Qd2 Kh7 18. Rab1 Ng8 19. g4 Bd7 20. Kg2 Qc8 21. Bf4 Nf6 22.
Rxe8 Ncxe8 23. Re1 Rb7 24. Re2 Kg8 25. Nh2 h5 26. f3 Qd8 27. Bg5 Qc8 28. Qf4
Nh7 29. Bh4 Bf6 30. Bxf6 Nhxf6 31. Nf1 Qd8 32. Ng3 hxg4 33. fxg4 Bc8 34. Qe3
Ng7 1-0

[Event "III Open FIDE"]
[Site "Forli' ITA"]
[Date "1990.09.11"]
[Round "4"]
[White "Werner, Dimo"]
[Black "Meduna, Eduard"]
[WhiteElo "2340"]
[BlackElo "2500"]
[Result "1/2-1/2"]
[PlyCount "28"]
[EventDate "1990.09.08"]

1. e4 c6 2. d4 d5 3. e5 Bf5 4. c3 e6 5. Be2 Ne7 6. Nd2 Nd7 7. Nf1 c5 8. Ng3 Bg6
9. h4 h6 10. Bh5 Bxh5 11. Nxh5 cxd4 12. cxd4 Nf5 13. Nf3 g6 14. Ng3 Qa5+
1/2-1/2